Conferencia Africana sobre el Imperio de la Ley

Gespeichert in:
Bibliographische Detailangaben
Körperschaft: Comisión Internacional de Juristas (VerfasserIn)
Format: Buch
Sprache:Spanisch
Veröffentlicht: Ginebra Comisión Internacional de Juristas 1961
Schlagworte:
Tags: Tag hinzufügen
Keine Tags, Fügen Sie den ersten Tag hinzu!

MARC

LEADER 00000nam a2200000 a 4500
001 UCT9303
003 CL-VaPUC
005 20241025112426.0
008 970404e19610000sz 1 spa d
082 0 4 |a 341.26  |b COM  |2 21 
110 2 |a Comisión Internacional de Juristas  |e author  |9 618275 
245 1 0 |a Conferencia Africana sobre el Imperio de la Ley 
260 |a Ginebra  |b Comisión Internacional de Juristas  |c 1961 
300 |a 187 p 
583 |a last modification  |c 19970404 00:00:00  |k Rodrigo Vera 
650 0 0 |a Estado  |9 255503 
650 0 0 |a Derecho internacional  |9 255637 
650 0 0 |a Derechos humanos  |9 223025 
650 0 0 |a Derechos civiles y políticos   |9 338684 
651 0 |a África  |9 256790 
942 |c BK 
945 |a paguirre  |d 19970404 00:00:00 
546 |a En Español 
518 |p Conferencia Africana sobre el Imperio de la Ley, Lagos, 3 al 7 de Enero de 1961 
999 |c 382869  |d 382867 
952 |0 0  |1 0  |4 0  |6 341_260000000000000_COM_1961  |7 0  |8 P  |9 504803  |a BIBDER  |b BIBDER  |d 2020-01-23  |i 1820141  |o 341.26 COM 1961  |p 1820141  |r 2023-01-25  |w 2020-01-23  |y BK  |k DER